Kluby w Serie A 2024/2025 - Statystyki

Ogólne statystyki
  • Ten quiz został rozwiązany 429 razy
  • Średni wynik to 15 z 20
Statystyki odpowiedzi
Klub % Poprawnych
Inter
99%
AC Milan
96%
Juventus
96%
Roma
93%
Napoli
91%
Lazio
84%
Atalanta
81%
Bologna
77%
Fiorentina
77%
Como
69%
Torino
69%
Parma
68%
Udinese
68%
Genoa
64%
Venezia
64%
Monza
62%
Hellas Verona
59%
Empoli
57%
Cagliari
54%
Lecce
54%
Nie znaleziono quizów pasujących do podanych kryteriów
Rozkład punktacji
Procent ludzi z każdym wynikiem
Percentyl według liczby udzielonych odpowiedzi
Twoja historia wyników
Nie rozwiązałeś tego quizu